Los batautos / (Registro nro. 12080)

Detalles MARC
000 -LEADER
fixed length control field 00635nam a2200229 4500
003 - CONTROL NUMBER IDENTIFIER
control field DO-SdBNP
005 - DATE AND TIME OF LATEST TRANSACTION
control field 20180216131500.0
008 - FIXED-LENGTH DATA ELEMENTS--GENERAL INFORMATION
fixed length control field 161124b1993 sp ||||| |||| 00| 0 spa d
020 ## - INTERNATIONAL STANDARD BOOK NUMBER
International Standard Book Number 8434834375
040 ## - CATALOGING SOURCE
Original cataloging agency BPMSU
Language of cataloging spa
Transcribing agency BPMSU
100 1# - MAIN ENTRY--PERSONAL NAME
Personal name Armijo, Consuelo
245 10 - TITLE STATEMENT
Title Los batautos /
Statement of responsibility, etc. Consuelo Armijo ; ilustraciones de Ángel Esteban.
250 ## - EDITION STATEMENT
Edition statement 3a ed.
260 ## - PUBLICATION, DISTRIBUTION, ETC. (IMPRINT)
Place of publication, distribution, etc. Madrid :
Name of publisher, distributor, etc. SM,
Date of publication, distribution, etc. 1993
300 ## - PHYSICAL DESCRIPTION
Extent 159 p. :
Other physical details il. :
Dimensions 18 cm
490 1# - SERIES STATEMENT
Series statement Catamarán
Volume/sequential designation 30
700 1# - ADDED ENTRY--PERSONAL NAME
Personal name Esteban, Ángel
830 #0 - SERIES ADDED ENTRY--UNIFORM TITLE
Uniform title Catamarán
Volume number/sequential designation 30
942 ## - ADDED ENTRY ELEMENTS (KOHA)
Source of classification or shelving scheme Dewey Decimal Classification
Koha item type Libros
945 ## - LOCAL PROCESSING INFORMATION (OCLC)
a Inventariado, 2018 /LP
956 ## - LOCAL ELECTRONIC LOCATION AND ACCESS (OCLC)
Host name LOPEREZ
Access number 10
Processor of request BPMSU
Existencias
Withdrawn status Lost status Source of classification or shelving scheme Damaged status Not for loan Collection code Home library Current library Date acquired Source of acquisition Total Checkouts Barcode Date last seen Price effective from Koha item type
    Dewey Decimal Classification     Colección Infantil General Biblioteca Pública Metropolitana Salomé Ureña Biblioteca Pública Metropolitana Salomé Ureña 11/24/2016 Donado   BPMSU16111530 11/24/2016 11/24/2016 Libros